000 01908nam a2200265 4500
005 20210512102058.0
008 160307s1825 ck ||||fr|||| 001 0 spa d
040 _aCO-BoUCM
_bspa
_cSandra Yazo
_dSandra Yazo
041 0 _aspa
082 0 4 _220
_a232.117
092 _aE38N100
100 1 _aSerna, Rafael de la
_976070
242 0 0 _aHistoria de la prodigiosa imagen de la Maria Santísima de la Concepción que con la advocación de Nuestra Señora del Campo se venera en su capilla de la iglesia del Convento de Religiosos Recoletos …
_yspa
245 1 0 _aHistoria de la milagrosa imagen de Nuestra Señora del Campo que se venera en la iglesia de San Diego de Bogotá
260 _aBogotá (Colombia)
_bImprenta de San Bernardino
_c1916
300 _a119 páginas
_c24 x 17 cm.
500 _aDetalles físicos: Ejemplar en regular estado. Tapas sueltas. Portada impresa en una sola tinta. Ilustración de la virgen. Texto impreso en una sola columna. Notas al pie de página. Bordes de páginas rotos
505 _aPrólogo al lector ; Protesta del autor ; Dedicatoria ; Advertencia fundamental, que sirva de preliminar para la inteligencia de la historia ; Libro I – IIl: Extracción de la piedra de donde se delineo la imagen ; Colocación de la piedra ; La piedad de la familia de Mayorga ; Perfección de la imagen ; Solicitud al S. Diego, para edificar la capilla de N. S. Del Campo ; Construcción de la capilla ; Devoción que profesan los indígenas a nuestra Señora del Campo ; Algunos textos de la Sagrada a esta Santa Imagen ; La ciudad con la plaga de Polvillo ; Bula de nuestro Santísimo Padre Urbano Octavo
506 _aConsulta en sala
610 1 _aIglesia de San Diego
_xBogotá (Colombia)
_976071
650 7 _910453
_aCapillas
_zBogotá (Colombia)
650 7 _926300
_aVirgen María
_xCulto
690 _aIglesias
_917149
942 _2LOCAL
_cLIBRO
_e1
_hE38N100
999 _c302907
_d302907